| 000 | 00928nam a2200301Ia 4500 | ||
|---|---|---|---|
| 003 | OSt | ||
| 005 | 20221006142123.0 | ||
| 006 | a|||||r|||| 00| 0 | ||
| 007 | ta | ||
| 008 | 221006b |||||||| |||| 00| 0 eng d | ||
| 020 |
_a0485112698 _c£25.00 (each) |
||
| 020 | _a9780309038294 | ||
| 024 | _a5,349 | ||
| 037 |
_bGift, Japan Foundation _cTextual |
||
| 040 |
_aEASL _cEASL _beng |
||
| 041 |
_2eng _aeng |
||
| 082 | _aX8(A).42.N8, M6 | ||
| 100 | _aDORE Ronald | ||
| 245 | 0 |
_aFlexible rigidities _b Industrial policy and structural adjustment in the Japanese economy 1970-80 |
|
| 260 |
_aLondon _bAthlone Press _c1986 |
||
| 300 |
_a278p. _ccm. |
||
| 490 | _v JEL | ||
| 650 |
_a Japan - Textiles - Case study _9646933 |
||
| 650 | _a JEL | ||
| 650 |
_aJapan - Economic conditions _9646934 |
||
| 942 |
_hX8(A).42.N8, M6 _cTEXL _2CC |
||
| 999 |
_c1073435 _d1073435 |
||